[Event "GER-chT Seniors 24th"]
[Site "Berlin"]
[Date "2015.09.11"]
[Round "6.1"]
[White "Kaulfuss, Helmut"]
[Black "Khanukov, Boris"]
[Result "0-1"]
[WhiteElo "2115"]
[BlackElo "2334"]
[PlyCount "70"]
[EventDate "2015.09.06"]
[EventType "team-swiss"]
[EventRounds "7"]
[EventCountry "GER"]
[SourceTitle "EXT 2018"]
[Source "ChessBase"]
[SourceDate "2017.10.13"]
[SourceVersion "1"]
[SourceVersionDate "2017.10.13"]
[SourceQuality "1"]
[WhiteTeam "Hessen Seniors II"]
[BlackTeam "NRW Seniors"]
[WhiteTeamCountry "GER"]
[BlackTeamCountry "GER"]

1. d4 Nf6 2. Bf4 e6 3. Nf3 c5 4. e3 d5 5. c3 Nc6 6. Bd3 Bd6 7. Bxd6 Qxd6 8. 0-0 0-0 9. Nbd2 e5 10. dxe5 Nxe5 11. Nxe5 Qxe5 12. Nf3 Qh5 13. Be2 Qg6 14. Kh1 Be6 15. Qa4 Ne4 16. Rad1 f5 17. c4 dxc4 18. Bxc4 Bxc4 19. Qxc4+ Qf7 20. Qxf7+ Rxf7 21. Kg1 g6 22. Rd5 Re7 23. Rfd1 b6 24. Kf1 Rae8 25. g3 Kf7 26. h4 Kf6 27. Rd8 Rxd8 28. Rxd8 Rc7 29. Nd2 Ke7 30. Rd3 c4 31. Rd4 c3 32. bxc3 Nxc3 33. a4 Rd7 34. Nb3 Rxd4 35. Nxd4 Kd6 0-1

[Event "GER-chT Seniors 24th"]
[Site "Berlin"]
[Date "2015.09.06"]
[Round "1.1"]
[White "Ackermann, Hans Werner"]
[Black "Kaulfuss, Helmut"]
[Result "1-0"]
[WhiteElo "2333"]
[BlackElo "2115"]
[PlyCount "91"]
[EventDate "2015.09.06"]
[EventType "team-swiss"]
[EventRounds "7"]
[EventCountry "GER"]
[SourceTitle "EXT 2018"]
[Source "ChessBase"]
[SourceDate "2017.10.13"]
[SourceVersion "1"]
[SourceVersionDate "2017.10.13"]
[SourceQuality "1"]
[WhiteTeam "Mecklenburg Vorpommern Seniors"]
[BlackTeam "Hessen Seniors II"]
[WhiteTeamCountry "GER"]
[BlackTeamCountry "GER"]

1. Nf3 d6 2. b3 Nf6 3. Bb2 g6 4. g3 Bg7 5. Bg2 0-0 6. c4 e5 7. Nc3 c6 8. Qc2 Re8 9. d3 Qc7 10. 0-0 Nbd7 11. Rfd1 d5 12. cxd5 cxd5 13. Rac1 d4 14. Nb5 Qxc2 15. Rxc2 Rd8 16. Ba3 Bf8 17. Bxf8 Kxf8 18. Rdc1 Ne8 19. Ng5 h6 20. Nf3 a6 21. Nc7 Rb8 22. Nd2 Nb6 23. Nxe8 Kxe8 24. Rc7 Rd7 25. R7c5 Re7 26. a4 Kd8 27. h4 Bf5 28. a5 Nc8 29. Nc4 f6 30. b4 Na7 31. Bf3 Bd7 32. h5 g5 33. Nd6 Nb5 34. Nxb5 Bxb5 35. Rd5+ Rd7 36. Rdc5 Re7 37. Be4 Bd7 38. Rd5 Rc8 39. Rxc8+ Kxc8 40. Rd6 Be6 41. Rb6 f5 42. Rxe6 Rxe6 43. Bxf5 Kd7 44. Kg2 Kd6 45. Bxe6 Kxe6 46. Kf3 1-0

[Event "Frankfurt-chA"]
[Site "Frankfurt"]
[Date "2015.04.27"]
[Round "1"]
[White "Kaulfuss, Helmut"]
[Black "Plattner, Rolf"]
[Result "1-0"]
[WhiteElo "2046"]
[BlackElo "1711"]
[PlyCount "77"]
[EventDate "2015.04.27"]
[EventType "swiss"]
[EventRounds "7"]
[EventCountry "GER"]
[SourceTitle "EXT 2016"]
[Source "ChessBase"]
[SourceDate "2015.10.08"]
[SourceVersion "1"]
[SourceVersionDate "2015.10.08"]
[SourceQuality "1"]

1. e4 c5 2. d3 Nc6 3. Nc3 e6 4. g3 g6 5. Bg2 Bg7 6. f4 Nge7 7. Nf3 0-0 8. 0-0 a6 9. e5 f5 10. Be3 b6 11. d4 cxd4 12. Nxd4 Qc7 13. Nxc6 Nxc6 14. Qd2 Rf7 15. Na4 Rb8 16. Qf2 b5 17. Nb6 g5 18. c4 gxf4 19. gxf4 Nxe5 20. fxe5 Bxe5 21. Nxc8 Bxh2+ 22. Kh1 Bg3 23. Qf3 Rxc8 24. cxb5 Qe5 25. Rac1 Rcf8 26. bxa6 d5 27. Bf4 Bxf4 28. Qxf4 Qxb2 29. Rf2 Qf6 30. Rc7 Rxc7 31. Qxc7 Rf7 32. Qb8+ Rf8 33. a7 Qh4+ 34. Kg1 Qa4 35. Bf3 Kf7 36. Bh5+ Ke7 37. Qc7+ Qd7 38. Qe5 Ra8 39. Rxf5 1-0

[Event "Hofheim Spring op-A 1st"]
[Site "Hofheim"]
[Date "2013.04.04"]
[Round "5"]
[White "Brandl, Lea Maria"]
[Black "Kaulfuss, Helmut"]
[Result "0-1"]
[WhiteElo "1691"]
[BlackElo "2179"]
[PlyCount "81"]
[EventDate "2013.04.02"]
[EventType "swiss"]
[EventRounds "9"]
[EventCountry "GER"]
[SourceTitle "CBM 153 Extra"]
[Source "ChessBase"]
[SourceDate "2013.04.22"]
[SourceVersion "1"]
[SourceVersionDate "2013.04.22"]
[SourceQuality "1"]

1. d4 Nc6 2. c4 e5 3. d5 Nce7 4. e4 Ng6 5. Nc3 Bc5 6. Nf3 Nf6 7. Be2 0-0 8. 0-0 d6 9. a3 a6 10. b4 Ba7 11. Qc2 Qe7 12. Bd2 Nh5 13. Ne1 Nhf4 14. Nd3 Nxe2+ 15. Nxe2 f5 16. Nc3 f4 17. Kh1 f3 18. g3 Bh3 19. Rfe1 Qd7 20. Rec1 Bg2+ 21. Kg1 Qh3 22. Qd1 h5 23. c5 h4 24. Be3 hxg3 25. fxg3 Rf7 26. Ra2 Kh7 27. Rcc2 Qd7 28. Ne1 Raf8 29. Nxg2 fxg2 30. Qh5+ Kg8 31. Qxg6 Rf6 32. Qh5 g6 33. Qh4 Rf3 34. Bg5 dxc5 35. Kxg2 cxb4 36. axb4 Qf7 37. g4 Rg3+ 38. hxg3 Qf1+ 39. Kh2 Bg1+ 40. Kh1 Bf2+ 41. Kh2 0-1

[Event "Hofheim Spring op-A 1st"]
[Site "Hofheim"]
[Date "2013.04.04"]
[Round "4"]
[White "Kaulfuss, Helmut"]
[Black "Stabernack, Joschi"]
[Result "0-1"]
[WhiteElo "2179"]
[BlackElo "2012"]
[PlyCount "86"]
[EventDate "2013.04.02"]
[EventType "swiss"]
[EventRounds "9"]
[EventCountry "GER"]
[SourceTitle "CBM 153 Extra"]
[Source "ChessBase"]
[SourceDate "2013.04.22"]
[SourceVersion "1"]
[SourceVersionDate "2013.04.22"]
[SourceQuality "1"]

1. e4 e5 2. Nc3 Nf6 3. g3 d5 4. exd5 Nxd5 5. Bg2 Nxc3 6. bxc3 Nc6 7. Rb1 Bc5 8. Ne2 Bb6 9. d3 0-0 10. 0-0 Bg4 11. h3 Be6 12. a4 Qd7 13. Kh2 f5 14. f4 Bd5 15. Bxd5+ Qxd5 16. c4 Qd6 17. Nc3 Rfe8 18. Nb5 Qd7 19. fxe5 Nxe5 20. Bf4 c6 21. Nc3 Ng6 22. Bd2 Re5 23. Qf3 Rae8 24. Rbe1 Qd4 25. Rxe5 Rxe5 26. Ne2 Qd6 27. d4 Nh4 28. Qd3 Re8 29. c3 Bc7 30. Ng1 Ng6 31. Rxf5 Qa3 32. d5 cxd5 33. cxd5 Qxa4 34. d6 Bb6 35. Nf3 Qd1 36. Nd4 Ne5 37. d7 Nxd7 38. Rf1 Qh5 39. Nf5 Qe2+ 40. Qxe2 Rxe2+ 41. Kh1 Rxd2 42. Ne7+ Kh8 43. Rf7 Rf2 0-1

[Event "Hofheim Spring op-A 1st"]
[Site "Hofheim"]
[Date "2013.04.02"]
[Round "1"]
[White "Bohnhoff, Peter"]
[Black "Kaulfuss, Helmut"]
[Result "1/2-1/2"]
[WhiteElo "1993"]
[BlackElo "2179"]
[PlyCount "36"]
[EventDate "2013.04.02"]
[EventType "swiss"]
[EventRounds "9"]
[EventCountry "GER"]
[SourceTitle "CBM 153 Extra"]
[Source "ChessBase"]
[SourceDate "2013.04.22"]
[SourceVersion "1"]
[SourceVersionDate "2013.04.22"]
[SourceQuality "1"]

1. d4 Nc6 2. Nf3 d6 3. e4 Nf6 4. Nc3 a6 5. Be3 e6 6. a4 Be7 7. Be2 0-0 8. 0-0 b6 9. Qd2 Bb7 10. d5 exd5 11. exd5 Ne5 12. Rad1 Nfd7 13. Nd4 Re8 14. f4 Ng6 15. Bf3 Nh4 16. Be2 Ng6 17. Bf3 Nh4 18. Be2 Ng6 1/2-1/2

[Event "Eschborn op 09th"]
[Site "Eschborn"]
[Date "2012.06.02"]
[Round "2"]
[White "Adamczyk, Matthias"]
[Black "Kaulfuss, Helmut"]
[Result "0-1"]
[WhiteElo "1830"]
[BlackElo "2173"]
[PlyCount "126"]
[EventDate "2012.06.01"]
[EventType "swiss"]
[EventRounds "5"]
[EventCountry "GER"]
[SourceTitle "EXT 2014"]
[Source "ChessBase"]
[SourceDate "2013.11.20"]
[SourceVersion "1"]
[SourceVersionDate "2013.11.20"]
[SourceQuality "1"]

1. d4 Nc6 2. Nf3 d6 3. e4 Nf6 4. Nc3 a6 5. h3 e6 6. Be3 Be7 7. Bd3 e5 8. 0-0 0-0 9. Qd2 b5 10. a3 Bb7 11. Rad1 Re8 12. d5 Nb8 13. Nh2 Nbd7 14. f4 exf4 15. Bxf4 Nh5 16. Ne2 Nxf4 17. Qxf4 Ne5 18. Ng4 Bg5 19. Qg3 Ng6 20. Nd4 h5 21. Ne3 Ne5 22. Rf5 Bxe3+ 23. Qxe3 g6 24. Rff1 Qh4 25. Nf3 Qg3 26. Qd2 Nxf3+ 27. Rxf3 Qe5 28. Rdf1 Re7 29. Qb4 Rf8 30. a4 c5 31. dxc6 Bxc6 32. Rf6 Rd8 33. axb5 axb5 34. Qb3 Qc5+ 35. Kh1 d5 36. e5 Be8 37. e6 Rxe6 38. Rxe6 fxe6 39. Rf6 Qe7 40. Rf3 b4 41. Rf4 d4 42. Bc4 Bf7 43. Qd3 Qd6 44. Qf3 Rd7 45. Qe4 Kg7 46. Bb5 Rd8 47. Rf3 Rc8 48. Bd3 e5 49. Rg3 Rc6 50. Rg5 Rc5 51. Qb7 Rc7 52. Qe4 Re7 53. b3 Be8 54. Qf3 Qf6 55. Qxh5 e4 56. Bc4 Re5 57. h4 d3 58. cxd3 Qf1+ 59. Kh2 Qf4+ 60. Kg1 exd3 61. Qd1 Re2 62. Qa1+ Kh7 63. Qf1 Qd4+ 0-1

[Event "Hessenliga 1112"]
[Site "Germany"]
[Date "2012.04.29"]
[Round "8.2"]
[White "Kaulfuss, Helmut"]
[Black "Weise, Martin"]
[Result "0-1"]
[WhiteElo "2193"]
[BlackElo "2171"]
[PlyCount "114"]
[EventDate "2011.09.25"]
[EventType "team-tourn"]
[EventRounds "9"]
[EventCountry "GER"]
[SourceTitle "EXT 2013"]
[Source "ChessBase"]
[SourceDate "2012.11.22"]
[SourceVersion "1"]
[SourceVersionDate "2012.11.22"]
[SourceQuality "1"]
[WhiteTeam "Hofheim II"]
[BlackTeam "Fulda"]
[WhiteTeamCountry "GER"]
[BlackTeamCountry "GER"]

1. e4 e6 2. d3 d5 3. Nd2 Nf6 4. Ngf3 Nc6 5. c3 a5 6. a4 b6 7. e5 Nd7 8. d4 Be7 9. Bd3 Ba6 10. Bxa6 Rxa6 11. Qe2 Ra8 12. Nf1 Qc8 13. Ng3 h5 14. h4 Qa6 15. Bf4 Qxe2+ 16. Nxe2 Nf8 17. Kd2 Ng6 18. Bg3 Kd7 19. Ne1 Bf8 20. Nd3 Nge7 21. f3 Nf5 22. Bf4 Be7 23. g3 Rag8 24. Rh3 f6 25. Rah1 Bf8 26. g4 Nfe7 27. exf6 gxf6 28. g5 Bg7 29. Rg3 Nf5 30. Rg2 Re8 31. gxf6 Bxf6 32. Bg5 Bg7 33. Nef4 Rh7 34. Re1 Ncxd4 35. cxd4 Nxd4 36. Rf1 c5 37. Kc1 c4 38. Ne1 Nb3+ 39. Kb1 Nc5 40. Nh3 Nxa4 41. Bc1 Bf6 42. Ng5 Rhh8 43. f4 c3 44. b3 Nc5 45. Kc2 b5 46. Nef3 a4 47. bxa4 b4 48. Ne5+ Bxe5 49. fxe5 d4 50. Rf4 d3+ 51. Kd1 Rhf8 52. Rgf2 Rxf4 53. Rxf4 b3 54. Ba3 b2 55. Bxb2 cxb2 56. Rb4 Nxa4 57. Ne4 Rc8 0-1

[Event "Hessenliga 1011"]
[Site "Germany"]
[Date "2011.04.03"]
[Round "8.5"]
[White "Syed, Tareq"]
[Black "Kaulfuss, Helmut"]
[Result "0-1"]
[WhiteElo "2112"]
[BlackElo "2192"]
[PlyCount "118"]
[EventDate "2010.09.26"]
[EventType "team-tourn"]
[EventRounds "9"]
[EventCountry "GER"]
[SourceTitle "EXT 2012"]
[Source "ChessBase"]
[SourceDate "2011.11.24"]
[SourceVersion "1"]
[SourceVersionDate "2011.11.24"]
[SourceQuality "1"]
[WhiteTeam "Frankfurt BvK II"]
[BlackTeam "Hofheim II"]
[WhiteTeamCountry "GER"]
[BlackTeamCountry "GER"]

1. e4 Nc6 2. Nf3 d6 3. c3 Nf6 4. d3 g6 5. Be2 Bg7 6. 0-0 0-0 7. Nbd2 a5 8. d4 e5 9. d5 Ne7 10. Ne1 g5 11. b4 axb4 12. cxb4 Ng6 13. Nd3 Nf4 14. Nxf4 exf4 15. Bb2 Re8 16. Bd3 Bd7 17. a4 g4 18. a5 Nh5 19. Bxg7 Kxg7 20. Ra3 Qg5 21. Re1 Nf6 22. Bf1 h5 23. Qc2 Rac8 24. Qd3 Nxd5 25. Qd4+ Qe5 26. Qxe5+ Rxe5 27. Rb1 Nf6 28. f3 Bb5 29. Nc4 Bxc4 30. Bxc4 c6 31. a6 bxa6 32. Bxa6 Rb8 33. Bf1 Rb6 34. Ra7 d5 35. exd5 Nxd5 36. Bc4 Re7 37. Rxe7 Nxe7 38. b5 Kf6 39. Rb3 cxb5 40. Bxb5 Nf5 41. Bc4 Rc6 42. Rb4 g3 43. hxg3 fxg3 44. Ra4 Kg7 45. Bf1 Rc1 46. Re4 Kf6 47. Re2 Nd6 48. Re3 Nc4 49. Rd3 Ke5 50. f4+ Ke4 51. Rxg3 Ne3 52. Rf3 f5 53. Rf2 h4 54. Rf3 h3 55. Rxh3 Rxf1+ 56. Kh2 Kxf4 57. g3+ Kf3 58. Rh4 Ng4+ 59. Rxg4 Kxg4 0-1

[Event "Hessenliga 1011"]
[Site "Germany"]
[Date "2011.03.13"]
[Round "7.5"]
[White "Hanemann, Ingo"]
[Black "Kaulfuss, Helmut"]
[Result "1-0"]
[WhiteElo "2188"]
[BlackElo "2192"]
[PlyCount "49"]
[EventDate "2010.09.26"]
[EventType "team-tourn"]
[EventRounds "9"]
[EventCountry "GER"]
[SourceTitle "EXT 2012"]
[Source "ChessBase"]
[SourceDate "2011.11.24"]
[SourceVersion "1"]
[SourceVersionDate "2011.11.24"]
[SourceQuality "1"]
[WhiteTeam "Bad Homburg"]
[BlackTeam "Hofheim II"]
[WhiteTeamCountry "GER"]
[BlackTeamCountry "GER"]

1. c4 e5 2. g3 g6 3. Bg2 Bg7 4. Nc3 Ne7 5. Nf3 f5 6. e4 d6 7. d4 Nbc6 8. dxe5 Nxe5 9. Nxe5 Bxe5 10. Bh6 c6 11. 0-0 Be6 12. Qd3 Qc7 13. Rac1 0-0-0 14. Nd5 Bxd5 15. cxd5 fxe4 16. Bxe4 c5 17. b4 b6 18. Rc2 Kb8 19. Rb1 Rc8 20. bxc5 dxc5 21. a4 c4 22. Qd1 Qd7 23. a5 Qd6 24. axb6 axb6 25. Be3 1-0

[Event "Hessen-ch Gr-A 64th"]
[Site "Bad Vilbel"]
[Date "2010.04.04"]
[Round "7"]
[White "Seifert, Christopher"]
[Black "Kaulfuss, Helmut"]
[Result "1/2-1/2"]
[WhiteElo "2109"]
[BlackElo "2195"]
[PlyCount "96"]
[EventDate "2010.03.31"]
[EventType "tourn"]
[EventRounds "7"]
[EventCountry "GER"]
[SourceTitle "CBM 135 Extra"]
[Source "ChessBase"]
[SourceDate "2010.05.04"]
[SourceVersion "1"]
[SourceVersionDate "2010.05.04"]
[SourceQuality "1"]

1. c4 Nc6 2. Nc3 e5 3. g3 g6 4. Bg2 Bg7 5. e3 Nge7 6. Nge2 0-0 7. d3 d6 8. 0-0 Be6 9. b4 Qd7 10. b5 Nd8 11. Re1 a5 12. Rb1 Rc8 13. Nd5 b6 14. Nec3 f5 15. Ba3 Nf7 16. Qd2 h6 17. Red1 Kh7 18. d4 e4 19. f3 Bxd5 20. cxd5 exf3 21. Bxf3 Ng8 22. Ne2 Ng5 23. Bg2 Nf6 24. Nf4 Qf7 25. Qd3 Rfe8 26. Rbc1 Rcd8 27. Rc6 Rd7 28. Rdc1 Rde7 29. Ne6 Nxe6 30. dxe6 Qxe6 31. Rxc7 Qxa2 32. Rxe7 Rxe7 33. Bxd6 Re6 34. Bf4 Ng4 35. Rf1 Qb2 36. d5 Nxe3 37. Rf2 Qa1+ 38. Bf1 Nxf1 39. dxe6 Ne3+ 40. Rf1 Nxf1 41. e7 Ne3+ 42. Kf2 Ng4+ 43. Kg2 Qa2+ 44. Qd2 Qe6 45. h3 Nf6 46. Qd8 Qe2+ 47. Kg1 Ne4 48. e8Q Qf2+ 1/2-1/2

[Event "Hessen-ch Gr-A 64th"]
[Site "Bad Vilbel"]
[Date "2010.04.02"]
[Round "4"]
[White "Chandler, Patrick"]
[Black "Kaulfuss, Helmut"]
[Result "1-0"]
[WhiteElo "2265"]
[BlackElo "2195"]
[PlyCount "111"]
[EventDate "2010.03.31"]
[EventType "tourn"]
[EventRounds "7"]
[EventCountry "GER"]
[SourceTitle "CBM 135 Extra"]
[Source "ChessBase"]
[SourceDate "2010.05.04"]
[SourceVersion "1"]
[SourceVersionDate "2010.05.04"]
[SourceQuality "1"]

1. d4 Nc6 2. d5 Ne5 3. e4 e6 4. Qd4 Ng6 5. Nf3 exd5 6. exd5 Qe7+ 7. Be3 Qb4+ 8. Nbd2 Qxd4 9. Bxd4 f6 10. 0-0-0 b6 11. Bb5 Bb7 12. Rhe1+ Kd8 13. Ne4 Be7 14. c4 Nh6 15. Bc3 Nf7 16. Nd4 Nd6 17. Nxd6 Bxd6 18. g3 a6 19. Ba4 Ne7 20. Bc2 g6 21. f4 Rf8 22. b4 Ng8 23. Nb3 Re8 24. c5 Rxe1 25. Bxe1 Bf8 26. Bf2 bxc5 27. bxc5 d6 28. f5 g5 29. c6 Bc8 30. g4 Nh6 31. Rg1 Nf7 32. h4 gxh4 33. Bxh4 Bh6+ 34. Kb2 Ke7 35. Rh1 Bf4 36. Rf1 Be5+ 37. Ka3 Rb8 38. Be1 Rb5 39. Be4 Ng5 40. Bg2 a5 41. Bxa5 Ba6 42. Rd1 Rb8 43. Bf1 Bc8 44. Bxc7 Ra8+ 45. Ba5 h5 46. gxh5 Bxf5 47. Kb4 Bg4 48. Rc1 Bxh5 49. c7 Bg4 50. Bb5 Bd7 51. a4 Ne4 52. Bb6 f5 53. Nd4 Nf6 54. Nc6+ Ke8 55. Kc4 f4 56. Nb8 1-0

[Event "Hessenliga 0910"]
[Site "Germany"]
[Date "2009.12.13"]
[Round "5.2"]
[White "Schmidt, Walter"]
[Black "Kaulfuss, Helmut"]
[Result "1-0"]
[WhiteElo "2217"]
[BlackElo "2215"]
[PlyCount "83"]
[EventDate "2009.09.20"]
[EventType "team-tourn"]
[EventRounds "9"]
[EventCountry "GER"]
[SourceTitle "EXT 2011"]
[Source "ChessBase"]
[SourceDate "2010.11.26"]
[SourceVersion "1"]
[SourceVersionDate "2010.11.26"]
[SourceQuality "1"]
[WhiteTeam "Bad Homburg"]
[BlackTeam "Hofheim II"]
[WhiteTeamCountry "GER"]
[BlackTeamCountry "GER"]

1. e4 Nc6 2. Nf3 d6 3. d4 Nf6 4. Nc3 a6 5. a4 Bg4 6. Be3 e5 7. d5 Ne7 8. Be2 Ng6 9. Nd2 Bxe2 10. Qxe2 Be7 11. g3 h5 12. f3 h4 13. 0-0-0 Nh5 14. Bf2 Bg5 15. Kb1 Qd7 16. Nb3 Nf6 17. Na5 Qc8 18. Rdf1 Nh5 19. Nc4 Qd7 20. a5 Ne7 21. Be3 Bxe3 22. Qxe3 Ng6 23. f4 hxg3 24. hxg3 exf4 25. gxf4 Nf6 26. e5 dxe5 27. Nxe5 Qe7 28. Rxh8+ Nxh8 29. Qh3 Ng6 30. Re1 Kd8 31. Nc6+ bxc6 32. Rxe7 Kxe7 33. Qe3+ Kf8 34. dxc6 Ne7 35. Qc5 Ke8 36. b4 Rb8 37. Kc1 Ra8 38. Qc4 Kf8 39. b5 axb5 40. Qxb5 Ne8 41. a6 Nd6 42. Qb7 1-0

[Event "Oberliga Ost-B 0809"]
[Site "Germany"]
[Date "2009.01.18"]
[Round "5.6"]
[White "Friedt, Edmund"]
[Black "Kaulfuss, Helmut"]
[Result "1/2-1/2"]
[WhiteElo "1905"]
[BlackElo "2234"]
[PlyCount "107"]
[EventDate "2008.10.26"]
[EventType "team-tourn"]
[EventRounds "11"]
[EventCountry "GER"]
[SourceTitle "EXT 2010"]
[Source "ChessBase"]
[SourceDate "2010.11.25"]
[SourceVersion "1"]
[SourceVersionDate "2010.11.25"]
[SourceQuality "1"]
[WhiteTeam "Erfurt SK II"]
[BlackTeam "Hofheim II"]
[WhiteTeamCountry "GER"]
[BlackTeamCountry "GER"]

1. e4 Nc6 2. d4 e5 3. d5 Nce7 4. Nf3 Ng6 5. a3 Nf6 6. Bd3 Bc5 7. b4 Bb6 8. 0-0 d6 9. Bb5+ Bd7 10. Bxd7+ Qxd7 11. Nc3 h6 12. Qd3 0-0 13. Be3 Nh5 14. Ne2 Rae8 15. c4 Bxe3 16. Qxe3 b6 17. Rac1 f5 18. exf5 Qxf5 19. Ng3 Nxg3 20. hxg3 Re7 21. Rfe1 Ref7 22. Qe4 Ne7 23. Qxf5 Rxf5 24. Re4 g6 25. Rc2 Kg7 26. Nd4 exd4 27. Rxe7+ R8f7 28. Rxf7+ Kxf7 29. Rd2 Re5 30. Rxd4 Re1+ 31. Kh2 Ra1 32. Rd3 Rc1 33. Rd4 Rc3 34. a4 Ra3 35. c5 Rxa4 36. cxd6 cxd6 37. Rc4 Kf6 38. f4 a5 39. Rc6 Rxb4 40. Rxd6+ Kf5 41. g4+ Kxf4 42. Rxg6 b5 43. Rxh6 Rd4 44. Ra6 a4 45. d6 Kxg4 46. Ra5 Rxd6 47. Rxb5 Ra6 48. Kg1 a3 49. Rb1 Kf4 50. Kf2 Ke4 51. Ke2 a2 52. Ra1 Kd4 53. Kd2 Rg6 54. Kc2 1/2-1/2

[Event "Oberliga Ost-B 0708"]
[Site "Germany"]
[Date "2008.04.06"]
[Round "9.7"]
[White "Kaulfuss, Helmut"]
[Black "Rapoport, Vladimir"]
[Result "1/2-1/2"]
[WhiteElo "2214"]
[BlackElo "2271"]
[PlyCount "131"]
[EventDate "2007.10.07"]
[EventType "team-tourn"]
[EventRounds "11"]
[EventCountry "GER"]
[SourceTitle "EXT 2009"]
[Source "ChessBase"]
[SourceDate "2008.11.26"]
[SourceVersion "1"]
[SourceVersionDate "2008.11.26"]
[SourceQuality "1"]
[WhiteTeam "Hofheim II"]
[BlackTeam "Oberursel"]
[WhiteTeamCountry "GER"]
[BlackTeamCountry "GER"]

1. e4 c5 2. Nc3 Nc6 3. g3 g6 4. Bg2 Bg7 5. d3 d6 6. f4 e6 7. Nf3 Nge7 8. 0-0 0-0 9. Ne2 d5 10. e5 d4 11. g4 f6 12. exf6 Bxf6 13. Ng3 Nd5 14. Qe2 Qc7 15. Ng5 Bxg5 16. fxg5 Rxf1+ 17. Qxf1 Bd7 18. Ne4 Rf8 19. Qe2 b6 20. Bd2 Kg7 21. a3 a5 22. Re1 a4 23. Rf1 Rxf1+ 24. Qxf1 Qd8 25. Qf3 Ne5 26. Qg3 Nf7 27. Bf4 Nxf4 28. Qxf4 e5 29. Qg3 Bc6 30. h4 Bxe4 31. Bxe4 Qd6 32. Qf3 Qe7 33. Bc6 h6 34. gxh6+ Nxh6 35. g5 Nf5 36. Be4 Nd6 37. Bc6 Qe6 38. Kh2 Nf5 39. Be4 Nxh4 40. Qf2 Nf5 41. Qf3 Nd6 42. Kg3 Qe7 43. Kg4 Nf7 44. Qf6+ Qxf6 45. gxf6+ Kxf6 46. Bc6 Nd6 47. Bxa4 c4 48. Bc6 Nf5 49. Kf3 Ne3 50. Bb5 cxd3 51. Bxd3 g5 52. b4 Nd5 53. Bc4 Nc3 54. Bd3 Ke7 55. Kg4 Kf6 56. Kf3 Kg7 57. Kg4 Kh6 58. Kf5 g4 59. Kxe5 g3 60. Bf1 Kg5 61. Kxd4 Nb5+ 62. Kd3 Nxa3 63. c4 Kf4 64. Bg2 Ke5 65. Bf1 Kd6 66. Bg2 1/2-1/2

[Event "Oberliga Ost-B 0708"]
[Site "Germany"]
[Date "2007.11.25"]
[Round "4.7"]
[White "Kaulfuss, Helmut"]
[Black "Schreiber, Kurt"]
[Result "1-0"]
[WhiteElo "2214"]
[BlackElo "2059"]
[PlyCount "113"]
[EventDate "2007.10.07"]
[EventType "team-tourn"]
[EventRounds "11"]
[EventCountry "GER"]
[SourceTitle "EXT 2009"]
[Source "ChessBase"]
[SourceDate "2008.11.26"]
[SourceVersion "1"]
[SourceVersionDate "2008.11.26"]
[SourceQuality "1"]
[WhiteTeam "Hofheim II"]
[BlackTeam "Wiesbaden"]
[WhiteTeamCountry "GER"]
[BlackTeamCountry "GER"]

1. e4 d5 2. Nc3 dxe4 3. Nxe4 Nf6 4. Nxf6+ exf6 5. d4 Bd6 6. Be3 0-0 7. Bd3 c6 8. Ne2 Re8 9. Qd2 Nd7 10. 0-0 g6 11. Rad1 Nf8 12. c4 Bg4 13. f3 Bd7 14. Nc3 f5 15. c5 Be7 16. d5 Bf6 17. Bc4 Qc7 18. Rfe1 Rad8 19. d6 Qb8 20. Bd4 Bxd4+ 21. Qxd4 Be6 22. Bd3 Nd7 23. b4 b6 24. Rd2 Rf8 25. Ne2 Rde8 26. Nf4 Qd8 27. Rde2 bxc5 28. bxc5 Qa5 29. Bc4 Qxc5 30. Nxe6 fxe6 31. Qxc5 Nxc5 32. Re5 Nb7 33. d7 Rd8 34. Rd1 Kg7 35. Ba6 Kf6 36. f4 Ke7 37. Bxb7 Rxd7 38. Rxd7+ Kxd7 39. Ba6 Kd6 40. Bc4 Re8 41. Kf2 g5 42. g3 h6 43. Ra5 Re7 44. Ke3 Rc7 45. Re5 Re7 46. Kd4 Re8 47. a4 Re7 48. Re3 Re8 49. a5 h5 50. fxg5 e5+ 51. Kc3 e4 52. h4 Ke5 53. Re1 Rd8 54. a6 Rb8 55. Rd1 f4 56. gxf4+ Kxf4 57. g6 1-0

[Event "Oberliga Ost-B 0607"]
[Site "Germany"]
[Date "2007.04.21"]
[Round "10.6"]
[White "Beha, Alfred"]
[Black "Kaulfuss, Helmut"]
[Result "0-1"]
[WhiteElo "2213"]
[BlackElo "2197"]
[PlyCount "64"]
[EventDate "2006.10.15"]
[EventType "team-tourn"]
[EventRounds "11"]
[EventCountry "GER"]
[SourceTitle "EXT 2008"]
[Source "ChessBase"]
[SourceDate "2007.11.25"]
[SourceVersion "1"]
[SourceVersionDate "2007.11.25"]
[SourceQuality "1"]
[WhiteTeam "Frankfurt BvK"]
[BlackTeam "Hofheim II"]
[WhiteTeamCountry "GER"]
[BlackTeamCountry "GER"]

1. Nf3 Nc6 2. d4 d6 3. g3 Bg4 4. Bg2 e5 5. dxe5 dxe5 6. 0-0 Nf6 7. h3 Bf5 8. c3 Qxd1 9. Rxd1 Bd6 10. Nh4 Bd7 11. e4 0-0-0 12. Be3 Be6 13. Nd2 a5 14. Nf5 Bxf5 15. exf5 Ne7 16. g4 Nfd5 17. Ne4 Nxe3 18. fxe3 f6 19. Nxd6+ cxd6 20. c4 Kc7 21. Rd3 h5 22. Ra3 hxg4 23. hxg4 Rh4 24. Rxa5 Rxg4 25. Ra7 Nc6 26. Ra4 d5 27. Rc1 d4 28. c5 Rg5 29. exd4 Nxd4 30. Kf2 Nxf5 31. Bxb7 Rd2+ 32. Ke1 Rxb2 0-1

[Event "Oberliga Ost-B 0607"]
[Site "Germany"]
[Date "2007.02.24"]
[Round "6.5"]
[White "Sieber, Stephan"]
[Black "Kaulfuss, Helmut"]
[Result "1-0"]
[WhiteElo "2186"]
[BlackElo "2197"]
[PlyCount "59"]
[EventDate "2006.10.15"]
[EventType "team-tourn"]
[EventRounds "11"]
[EventCountry "GER"]
[SourceTitle "EXT 2008"]
[Source "ChessBase"]
[SourceDate "2007.11.25"]
[SourceVersion "1"]
[SourceVersionDate "2007.11.25"]
[SourceQuality "1"]
[WhiteTeam "Erfurt Empor"]
[BlackTeam "Hofheim II"]
[WhiteTeamCountry "GER"]
[BlackTeamCountry "GER"]

1. e4 Nc6 2. Nf3 d6 3. d4 Nf6 4. Bd3 e5 5. d5 Ne7 6. c4 Ng6 7. Nc3 Be7 8. h3 0-0 9. Be3 h6 10. Qd2 a6 11. 0-0-0 Bd7 12. g3 b5 13. Ng1 c5 14. f4 exf4 15. gxf4 bxc4 16. Bb1 Nh5 17. Nf3 Nh4 18. Qf2 Ng6 19. Qh2 Nh4 20. Nxh4 Bxh4 21. Rhg1 Qe7 22. e5 Rfe8 23. Qc2 g6 24. e6 Bg3 25. Ne4 Bxf4 26. Bxf4 Nxf4 27. exd7 Reb8 28. Qd2 Qe5 29. Rdf1 Nxd5 30. d8Q+ 1-0